<?xml version="1.0" encoding="UTF-8"?><?xml-stylesheet type="text/xsl" href="static/style.xsl"?><OAI-PMH xmlns="http://www.openarchives.org/OAI/2.0/" xmlns:xsi="http://www.w3.org/2001/XMLSchema-instance" xsi:schemaLocation="http://www.openarchives.org/OAI/2.0/ http://www.openarchives.org/OAI/2.0/OAI-PMH.xsd"><responseDate>2026-04-29T11:00:00Z</responseDate><request verb="GetRecord" identifier="oai:uvadoc.uva.es:10324/70852" metadataPrefix="marc">https://uvadoc.uva.es/oai/request</request><GetRecord><record><header><identifier>oai:uvadoc.uva.es:10324/70852</identifier><datestamp>2024-10-16T19:02:30Z</datestamp><setSpec>com_10324_38</setSpec><setSpec>col_10324_852</setSpec></header><metadata><record xmlns="http://www.loc.gov/MARC21/slim" xmlns:doc="http://www.lyncode.com/xoai" xmlns:xsi="http://www.w3.org/2001/XMLSchema-instance" xmlns:dcterms="http://purl.org/dc/terms/" xsi:schemaLocation="http://www.loc.gov/MARC21/slim http://www.loc.gov/standards/marcxml/schema/MARC21slim.xsd">
<leader>00925njm 22002777a 4500</leader>
<datafield tag="042" ind1=" " ind2=" ">
<subfield code="a">dc</subfield>
</datafield>
<datafield tag="720" ind1=" " ind2=" ">
<subfield code="a">Ces González, María del Carmen</subfield>
<subfield code="e">author</subfield>
</datafield>
<datafield tag="260" ind1=" " ind2=" ">
<subfield code="c">2024</subfield>
</datafield>
<datafield tag="520" ind1=" " ind2=" ">
<subfield code="a">Salvador Dalí (1904 - 1989), célebre pintor surrealista español, se erige como una figura &#xd;
destacada del siglo XX, no solo por su genio artístico, sino también por su habilidad para &#xd;
forjar una marca personal icónica. Desde sus primeras incursiones en los medios de &#xd;
comunicación en 1923, Dalí comprendió el poder de la imagen pública y los medios para &#xd;
dar forma a su legado. A lo largo de su carrera, utilizó plataformas mediáticas para &#xd;
promocionar tanto su obra como su singular personalidad. Más allá de ser solo un artista, &#xd;
Dalí se convirtió en un ícono cultural cuya marca personal sigue siendo inolvidable, &#xd;
anticipando el fenómeno contemporáneo de los influencers. Su estrategia trascendió las &#xd;
convenciones del arte, abriendo un nuevo capítulo en la historia del marketing y la cultura &#xd;
popular.</subfield>
</datafield>
<datafield tag="024" ind2=" " ind1="8">
<subfield code="a">https://uvadoc.uva.es/handle/10324/70852</subfield>
</datafield>
<datafield tag="245" ind1="0" ind2="0">
<subfield code="a">La influencia de Dalí en la publicidad</subfield>
</datafield>
</record></metadata></record></GetRecord></OAI-PMH>